Phân tích quản trị tài chính

Zapisane w:
Opis bibliograficzny
1. autor: Nguyễn, Tấn Bình
Format: Książka
Język:Undetermined
Wydane: Hà Nội Thống Kê 2004
Hasła przedmiotowe:
Etykiety: Dodaj etykietę
Nie ma etykietki, Dołącz pierwszą etykiete!
Thư viện lưu trữ: Trung tâm Học liệu Trường Đại học Cần Thơ
LEADER 00606nam a2200205Ia 4500
001 CTU_74203
008 210402s9999 xx 000 0 und d
020 |b 58000 
082 |a 658.15 
082 |b H636 
100 |a Nguyễn, Tấn Bình 
245 0 |a Phân tích quản trị tài chính 
245 0 |c Nguyễn Tấn Bình 
260 |a Hà Nội 
260 |b Thống Kê 
260 |c 2004 
650 |a Industrial management,Financial management,Business enterprises 
650 |x Finance 
904 |i Năm, QHieu 
980 |a Trung tâm Học liệu Trường Đại học Cần Thơ